00580 2200193 4500001002100000005001700021008004100038035002400079040001200103082001000115084001800125100002100143245011200164260004200276300002300318650001800341850001200359990001500371INLIS00000000002229020160905143021.0  0010-091600000000062 aYOPDYOG a181.1 aT 181.1 Sar P aMaria A. Sarjono aPaham Jawa :bMenguak falsafah hidup manusia Jawa lewat karya fiksi mutakhir Indonesia /cMaria A. Sardjono aJakart;bPustaka Sinar Harapan,c1992 a94 hlm.. ;c21 cm. aFilsafat Jawa aYOPDYOG a26126-B/97